[Event "GRE-ch Online Blitz op 1st"]
[Site "Tornelo INT"]
[Date "2021.02.07"]
[Round "3"]
[White "Orfanidis, Kyriakos"]
[Black "Parastatidis, Charalampos"]
[Result "1-0"]
[WhiteElo "1819"]
[BlackElo "1399"]
[PlyCount "51"]
[EventDate "2021.02.07"]
[EventType "swiss (blitz)"]
[EventRounds "16"]
[EventCountry "GRE"]
[SourceTitle "EXT 2023"]
[Source "ChessBase"]
[SourceDate "2022.10.05"]
[SourceVersion "1"]
[SourceVersionDate "2022.10.05"]
[SourceQuality "1"]

1. c4 Nf6 2. Nc3 e6 3. e4 d6 4. Nf3 Be7 5. Be2 0-0 6. 0-0 Nbd7 7. d4 b6 8. e5 dxe5 9. Nxe5 Nxe5 10. dxe5 Qxd1 11. Rxd1 Ne8 12. Bf3 Rb8 13. Be3 g6 14. Bh6 Ng7 15. Nb5 Ba6 16. Nxa7 Bxc4 17. Nc6 Rbe8 18. Rd7 Bc5 19. Rxc7 Bb5 20. Rd1 Bxc6 21. Bxc6 Rc8 22. Rdd7 Rfd8 23. Bg5 Rxd7 24. Rxc8+ Bf8 25. Bxd7 h6 26. Be7 1-0

[Event "GRE-ch Online Rapid op 1st"]
[Site "Tornelo INT"]
[Date "2021.02.06"]
[Round "7"]
[White "Alexandri, Dimitra"]
[Black "Parastatidis, Charalampos"]
[Result "1/2-1/2"]
[WhiteElo "1119"]
[BlackElo "1399"]
[PlyCount "100"]
[EventDate "2021.02.06"]
[EventType "swiss (rapid)"]
[EventRounds "8"]
[EventCountry "GRE"]
[SourceTitle "EXT 2023"]
[Source "ChessBase"]
[SourceDate "2022.10.05"]
[SourceVersion "1"]
[SourceVersionDate "2022.10.05"]
[SourceQuality "1"]

1. d4 Nf6 2. c4 e6 3. Nc3 Bb4 4. Qc2 0-0 5. e4 d6 6. Nf3 e5 7. d5 c6 8. Bd3 Bg4 9. Be2 Bxc3+ 10. bxc3 h6 11. 0-0 c5 12. h3 Bh5 13. Nh2 Bg6 14. Bd3 Nbd7 15. f4 exf4 16. Bxf4 Qc7 17. Nf3 Rfe8 18. Rae1 Re7 19. Re2 Rae8 20. Rfe1 Nxe4 21. Bxe4 Rxe4 22. Rxe4 Rxe4 23. Rxe4 Nf6 24. Nd2 Nxe4 25. Nxe4 Qe7 26. Bxd6 Qh4 27. Qe2 Bxe4 28. Bxc5 b6 29. Bd4 Qf4 30. Qf2 Qxf2+ 31. Kxf2 g6 32. a3 Kf8 33. c5 bxc5 34. Bxc5+ Ke8 35. Bxa7 Bxd5 36. Be3 h5 37. Bc5 Kd7 38. Bb4 Kc6 39. g3 Kb5 40. Ke3 Bg2 41. h4 Bd5 42. Kf4 Be6 43. Ke5 Bb3 44. Kf6 Be6 45. Kg5 Bb3 46. Kf4 Be6 47. Ke5 Bb3 48. Kf6 Be6 49. Kg5 Bb3 50. Kf4 Be6 1/2-1/2